[Event "Titled Tuesday intern op 01st Aug Early"]
[Site "Chess.com INT"]
[Date "2023.08.01"]
[Round "7"]
[White "Warchol, Kamil"]
[Black "Johnson, Ben"]
[Result "1-0"]
[WhiteElo "2102"]
[BlackElo "1961"]
[PlyCount "73"]
[EventDate "2023.08.01"]
[EventType "swiss (blitz)"]
[EventRounds "11"]
[EventCountry "USA"]
[SourceTitle "EXT 2024"]
[Source "ChessBase"]
[SourceDate "2023.10.10"]
[SourceVersion "1"]
[SourceVersionDate "2023.10.10"]
[SourceQuality "1"]

1. e4 c5 2. Nf3 g6 3. c3 d5 4. e5 Bg4 5. d4 cxd4 6. cxd4 Nc6 7. Bb5 Rc8 8. 0-0 Qb6 9. Bxc6+ Rxc6 10. Nbd2 Bf5 11. Qe2 Bg7 12. Nb3 h5 13. Bd2 Nh6 14. Rfc1 0-0 15. Ba5 Qa6 16. Qxa6 Rxa6 17. Rc7 b6 18. Bb4 Ra4 19. Bxe7 Re8 20. Bd6 Be4 21. Nfd2 Bd3 22. a3 Nf5 23. Rac1 a5 24. Nf3 Be4 25. Rc8 Rxc8 26. Rxc8+ Kh7 27. Ng5+ Kh6 28. Nxf7+ Kh7 29. e6 Rc4 30. Rxc4 dxc4 31. e7 Nxe7 32. Bxe7 cxb3 33. Ng5+ Kh6 34. Nxe4 Bxd4 35. Bf6 Bxf6 36. Nxf6 Kg5 37. Nd5 1-0

[Event "Piestany op-A"]
[Site "Piestany"]
[Date "2023.07.18"]
[Round "8"]
[White "Balint, Peter1111"]
[Black "Warchol, Kamil"]
[Result "1-0"]
[WhiteElo "2233"]
[BlackElo "2010"]
[PlyCount "167"]
[EventDate "2023.07.11"]
[EventType "swiss"]
[EventRounds "9"]
[EventCountry "SVK"]
[SourceTitle "EXT 2024"]
[Source "ChessBase"]
[SourceDate "2023.10.10"]
[SourceVersion "1"]
[SourceVersionDate "2023.10.10"]
[SourceQuality "1"]

1. e4 c5 2. Nf3 d6 3. d4 cxd4 4. Nxd4 Nf6 5. Nc3 Nc6 6. Bg5 Bd7 7. Nxc6 bxc6 8. Qd2 h6 9. Bxf6 exf6 10. Bc4 Be7 11. 0-0-0 g6 12. Kb1 h5 13. f4 Kf8 14. Rhf1 Qa5 15. Bb3 Kg7 16. Qd3 Rab8 17. f5 g5 18. h4 g4 19. Qg3 Rb7 20. Ne2 Qb6 21. Nf4 Kf8 22. Qc3 Qb4 23. Qxb4 Rxb4 24. Rde1 Bd8 25. a3 Rb7 26. Rd1 Ke7 27. Rd3 Bc7 28. g3 Rb5 29. Rd4 Bb6 30. Rc4 Be3 31. Nd3 Rhb8 32. Re1 Bh6 33. Re2 R5b6 34. Rb4 Bc8 35. Bc4 Bd7 36. Ka2 Kf8 37. Rxb6 Rxb6 38. Bb3 Bc8 39. c4 Rb8 40. Ba4 Ba6 41. b3 Rc8 42. Kb2 Ke7 43. Kc3 Kd7 44. Nb4 Bb7 45. Nd5 Bg7 46. b4 Rh8 47. Nf4 Kc7 48. Bb3 Bf8 49. a4 Be7 50. a5 Rh7 51. Ba4 Bd8 52. Rd2 Rh8 53. Bc2 Kd7 54. Kb3 Ke7 55. Ka4 Bc7 56. b5 c5 57. Bd3 Ba8 58. Re2 Bb7 59. Ra2 Kd7 60. Ra1 Ba8 61. Kb3 Bb7 62. Kc3 Kd8 63. Kc2 Kd7 64. Ra2 Kd8 65. Kb3 Kd7 66. Ra1 Kd8 67. Bc2 Kd7 68. Kc3 Ba8 69. b6 axb6 70. axb6 Bxb6 71. Nxh5 Rxh5 72. Rxa8 Bd8 73. Ba4+ Ke7 74. Bc6 Rh7 75. Kb3 Rh8 76. Ka4 Rg8 77. Kb5 Rg7 78. Ka6 Rh7 79. Kb7 Rh8 80. Bd5 Rh7 81. Kc6 Rg7 82. Ra7+ Ke8 83. Kxd6 Rh7 84. Ra8 1-0

[Event "Piestany op-A"]
[Site "Piestany"]
[Date "2023.07.14"]
[Round "4"]
[White "Kolb, Tobias"]
[Black "Warchol, Kamil"]
[Result "1/2-1/2"]
[WhiteElo "2325"]
[BlackElo "2010"]
[PlyCount "103"]
[EventDate "2023.07.11"]
[EventType "swiss"]
[EventRounds "9"]
[EventCountry "SVK"]
[SourceTitle "EXT 2024"]
[Source "ChessBase"]
[SourceDate "2023.10.10"]
[SourceVersion "1"]
[SourceVersionDate "2023.10.10"]
[SourceQuality "1"]

1. e4 c5 2. Nf3 d6 3. d4 cxd4 4. Nxd4 Nf6 5. Nc3 Nc6 6. Bg5 Bd7 7. Bb5 e6 8. Qd3 Be7 9. 0-0-0 Qc7 10. Bxc6 bxc6 11. Nb3 0-0-0 12. f4 h6 13. Bxf6 gxf6 14. Rhf1 Kb8 15. Kb1 Ka8 16. Rf3 Bc8 17. Qc4 Bb7 18. f5 Qc8 19. Na5 d5 20. exd5 exd5 21. Qa4 Bc5 22. Qh4 Be7 23. Re1 Qc7 24. Nxb7 Qxb7 25. Nd1 Qc7 26. Rfe3 Rd7 27. g3 Qd8 28. Qa4 Rc7 29. Qg4 Bd6 30. Nf2 Rb7 31. Nd3 Rb8 32. Qd4 Rb7 33. Ka1 Bc7 34. Qa4 Bb6 35. R3e2 Qd6 36. Nb4 Rc8 37. Re8 Rbb8 38. R8e7 Rb7 39. Qa6 Rcb8 40. Rxb7 Rxb7 41. Qa4 Rb8 42. a3 c5 43. Nd3 Rd8 44. Nf4 c4 45. Rd1 Qc5 46. Nxd5 Rxd5 47. Qe8+ Kb7 48. Qxf7+ Kc6 49. Qe8+ Kc7 50. Qf7+ Kc6 51. Qe8+ Kc7 52. Qf7+ 1/2-1/2

[Event "Piestany op-A"]
[Site "Piestany"]
[Date "2023.07.11"]
[Round "1"]
[White "Warchol, Kamil"]
[Black "Rakesh, Kumar Jena"]
[Result "1-0"]
[WhiteElo "2010"]
[BlackElo "2320"]
[PlyCount "63"]
[EventDate "2023.07.11"]
[EventType "swiss"]
[EventRounds "9"]
[EventCountry "SVK"]
[SourceTitle "EXT 2024"]
[Source "ChessBase"]
[SourceDate "2023.10.10"]
[SourceVersion "1"]
[SourceVersionDate "2023.10.10"]
[SourceQuality "1"]

1. e4 c5 2. Nf3 Nc6 3. Bb5 g6 4. c3 Bg7 5. 0-0 Nf6 6. Re1 0-0 7. d4 cxd4 8. cxd4 d5 9. e5 Ne4 10. Nc3 Nxc3 11. bxc3 Bf5 12. Bd3 Bxd3 13. Qxd3 Rc8 14. h4 Qc7 15. h5 Nd8 16. Bd2 Ne6 17. Rab1 a6 18. Nh4 b5 19. f4 Qc4 20. Qxc4 Rxc4 21. f5 Nc5 22. h6 Bh8 23. dxc5 Rxh4 24. Bg5 Rh5 25. Bxe7 Rxf5 26. Bxf8 Kxf8 27. a4 Bxe5 28. axb5 axb5 29. Rxb5 Bg3 30. Re2 g5 31. c6 f6 32. Rb7 1-0